The Influence of Nation Branding on Tourism – How Slovakia Compares to Austria in Nation Branding

Budovanie značky krajiny (nation branding) ako jeden z nástrojov, vďaka ktorému môžu krajiny pozitívne ovplyvniť svoju medzinárodnú reputáciu a cestovný ruch. Porovnanie rakúskeho a slovenského cestovného ruchu a navrhnutie odporúčaní na jeho zlepšenie. Poznatky a osvedčené postupy z Rakúska, ktoré...

Descrizione completa

Salvato in:
Dettagli Bibliografici
Autore principale: Goda, Natália, 1995-
Natura: Capitolo di libro
Lingua:inglese
Soggetti:
Tags: Aggiungi Tag
Nessun Tag, puoi essere il primo ad aggiungerne!!

MARC

LEADER 00000naa a2200000 4500
001 0281779
005 20240502083906.8
041 0 |a eng 
044 |a RO 
245 1 0 |a The Influence of Nation Branding on Tourism – How Slovakia Compares to Austria in Nation Branding  |c Natália Goda 
520 |a Budovanie značky krajiny (nation branding) ako jeden z nástrojov, vďaka ktorému môžu krajiny pozitívne ovplyvniť svoju medzinárodnú reputáciu a cestovný ruch. Porovnanie rakúskeho a slovenského cestovného ruchu a navrhnutie odporúčaní na jeho zlepšenie. Poznatky a osvedčené postupy z Rakúska, ktoré by mohli byť aplikovateľné na Slovensku v kontexte cestovného ruchu s cieľom zlepšiť budovanie národnej značky a imidžu. Porovnanie postavenia Rakúska a Slovenska v indexoch budovania značky krajiny (Bloom Consulting Digital City Index, Good Country Index a Future Brand Index), s poukazovaním na prepojenie rakúskeho budovania značky krajiny s cestovným ruchom, zatiaľ čo Slovensko takéto prepojenie nevykazuje. 
610 2 0 |a geografia hospodárska 
610 2 0 |a reputácia krajiny 
610 2 0 |a budovanie značky 
610 2 0 |a ruch cestovný zahraničný 
610 2 0 |a ruch cestovný medzinárodný 
610 2 0 |a marketing územia 
610 2 0 |a Slovensko 
610 2 0 |a Rakúsko 
610 2 0 |a porovnanie štatistické medzinárodné 
100 1 |a Goda, Natália, 1995-